zpět

Detail výsledku týmu

Pivní ambasáda, Pardubice

Datum a čas kvízu

33 Celkem bodů Celkový počet nahraných bodů na tomto kvízu bez doplňovacích otázek.
3. Pořadí na kvízu Konečné umístění týmu na tomto kvízu.

Zaznamenané odpovědi

# Otázka Odpověď Body Výsledky
1. Kterými slovy ukončila Markéta... D 0
2. Starostka jisté evropské metro... Paříž, Siena 1
3. Čeští a slovenští archeologové... v Guatemale 0
4. Roční míra inflace v jisté zem... Argentina 1
5. Na letošním ročníku Dakaru zau... Kachna 0
6. Některá slova mají různé grama... (o) hrabatech 1
7. Přiřaďte ke každému slovu jeho... 1B 2A 3C 4D 1
8. Dva gramatické rody můžeme při... sršeň 1
9. V minulé otázce jsme se ptali... zombie 1
10. Začátkem roku 2023 byla Ústave... hranolka, hranolek 0